000 01269nam a22003857a 4500
001 000098294
003 CHAP
005 20240409124323.0
008 080427d2007 mx r 00010 spa d
010 _a94760
011 _a95732
020 _a9789687462448
035 _a106362
040 _cCHAP
082 0 4 _a589.2
_bV5
100 1 0 _aVillanueva Verduzco, Clemente
_9119524
245 1 3 _aEl huitlacoche y su cultivo /
_c/por Clemente Villanueva Verduzco, Efraín Sánchez Ramírez y Evert Villanueva Sánchez.
260 _aMéxico, D.F. :
_bMundi-Prensa,
_c2007.
300 _a96 p. :
_bilus. ; cuadros.
590 _aBATCH-UPD
_b10
_c20130110
_lUCH01
_h0353
590 _aBATCH-UPD
_b10
_c20130110
_lUCH01
_h1857
590 _aBATCH-UPD
_b10
_c20130410
_lUCH01
_h0027
590 _aBATCH-UPD
_b10
_c20130914
_lUCH01
_h1114
590 _aCONVERSION
_b10
_c20130109
_lUCH01
_h1352
590 _aE11695DGD
_b10
_c20150602
_lUCH01
_h1125
650 1 4 _aCuitlacoche.
_930196
650 1 4 _aHongos comestibles.
_956124
650 1 4 _aHongos fitopatógenos.
_956132
650 1 4 _aMaíz
_xEnfermedades por hongos.
_970941
700 1 _aSánchez Ramírez, Efraín.
_9107779
700 1 _aVillanueva Sánchez, Evert.
_9119519
901 _aBK
942 _cLIBRO
942 _n0
999 _c94760
_d94760